Normal view
MARC view
- Clavell, James.
Entry Personal Name
001 - CONTROL NUMBER
- control field: 4240
003 - CONTROL NUMBER IDENTIFIER
- control field: OSt
005 - DATE AND TIME OF LATEST TRANSACTION
- control field: 20170515103414.0
008 - FIXED-LENGTH DATA ELEMENTS
- fixed length control field: 170515|| aca||aabn | a|a d
040 ## - CATALOGING SOURCE
- Original cataloging agency: OSt
- Transcribing agency: OSt
100 ## - HEADING--PERSONAL NAME
- Personal name: Clavell, James.
670 ## - SOURCE DATA FOUND
- Source citation: Work cat.: (OSt): Sunzi, active 6th century B.C. 4238, The art of war, 1981

PORTAL AKMAL
E-MEL JKDM
AKMAL2U
G-BAM
u-PUSTAKA